• 首页
  • 本馆介绍
  • 公告通知
  • 最新文献
  • 馆藏检索
  • 电子资源
  • 读者导购
  • 参考咨询
  • 我的图书馆
  • 登录
  • 详细信息显示
  • 放入我的书架
  • 预约/预借图书
  • 作者相关作品
  • 分类相关作品
  • 丛书相关作品
  • 出版社相关作品

书目信息

  • 表格格式
  • 工作单格式
  • 卡片格式
题名:
中国现代文学名篇选读
    
 
作者: 夏传才 主编
分册: 上  
出版信息: 天津   南开大学出版社  1984
页数: 565页
开本: 20cm
丛书名:
单 册:
中图分类: I217.1 , I216.1
科图分类:
主题词: 文学--作品--中国--现代--选集 , 文学--作品集--中国
电子资源:
ISBN: 7-310-00070-6
000 00707nam0 2200241 45
001 0184005815
005 20070618140749.89
010    @dCNY5.10@a7-310-00070-6
100    @a19951026d1984 em y0chiy0121 ea
101 0  @achi
102    @aCN@b120000
105    @ay z 000yy
200 10 @a中国现代文学名篇选读@Azhong guo xian dai wen xue ming pian xuan du@h上@f夏传才主编
210    @a天津@c南开大学出版社@d1984
215    @a565页@d20cm
606    @a文学@x作品@y中国@z现代@x选集
606 0  @a文学@x作品集@x中国
690    @aI217.1@v3
690    @aI216.1
701  0 @a夏传才@4主编@Axia chuan cai
801  0 @aCN@b深圳图书馆@c20070618
801  2 @aCN@bNLC@c20070605
905    @f1@b248009@dI216.1@e303:1
    
    中国现代文学名篇选读.上/夏传才主编.-天津:南开大学出版社,1984
    565页;20cm
    
    
    ISBN 7-310-00070-6:CNY5.10
    
●
相关链接 在E读中查询图书 在五车中查询图书 在当当中查询图书 在豆瓣中查询图书


正题名:中国现代文学名篇选读     索取号:I216.1/303:1         预约/预借

序号 登录号 条形码 馆藏地/架位号 状态 备注
1 0248009   000235007   第二借阅区/ [索取号:I216.1/303:1] 在馆    
2 0248010   202079794   第一样本阅览室/ [索取号:I216.1/303:1] 在馆    
3 0403844   204038442   密集书库/ [索取号:I216.1/303:1] 在馆    
4 0403845   204038451   密集书库/ [索取号:I216.1/303:1] 在馆    
5 0403846   204038460   密集书库/ [索取号:I216.1/303:1] 在馆    
6 0403847   204038479   密集书库/ [索取号:I216.1/303:1] 在馆    
7 0403848   204038488   密集书库/ [索取号:I216.1/303:1] 在馆    
8 0403852   204038521   密集书库/ [索取号:I216.1/303:1] 在馆    
9 0512538   205125381   密集书库/ [索取号:I216.1/303:1] 在馆    
10 0512539   205125390   密集书库/ [索取号:I216.1/303:1] 在馆    
11 0512540   205125407   密集书库/ [索取号:I216.1/303:1] 在馆    
12 0512541   205125416   密集书库/ [索取号:I216.1/303:1] 在馆    
13 0512542   205125425   密集书库/ [索取号:I216.1/303:1] 在馆    
14 0512543   205125434   密集书库/ [索取号:I216.1/303:1] 在馆    
15 0512544   205125443   密集书库/ [索取号:I216.1/303:1] 在馆    
16 0512545   205125452   密集书库/ [索取号:I216.1/303:1] 在馆    
17 0654934   206549341   库房3/ [索取号:I216.1/303:1] 在馆    
唐山师范学院图书馆 欢迎您!
大连网信软件有限公司© 版权所有